[Event "EWCCC Online Preliminary-C 2020"]
[Site "Online"]
[Date "2020.12.19"]
[Round "4.1"]
[White "Mihevc-Mohr, Narcisa"]
[Black "Heinatz, Maria"]
[Result "1/2-1/2"]
[WhiteElo "1974"]
[BlackElo "1941"]
[Annotator "TA"]
[PlyCount "138"]
[EventDate "2020.12.19"]
[EventType "team-tourn"]
[EventCountry "NET"]
[SourceTitle "playchess.com"]
[Source "ChessBase"]
[SourceQuality "1"]

{[%evp 11,138,0,19,0,0,-5,15,0,6,-21,-2,-119,-119,-124,-118,-111,-85,-183,-148,-149,-128,-207,-6,-37,-3,-19,-2,-27,-31,-124,-110,-102,-31,-64,97,99,103,91,219,208,192,93,95,-104,28,8,39,40,57,43,41,50,472,135,556,114,116,71,77,83,100,98,108,87,125,-29,231,239,266,186,285,0,320,-8,284,222,303,0,0,0,410,390,795,787,841,846,931,292,418,380,771,771,706,765,1008,543,763,0,898,775,702,0,639,480,879,0,539,0,516,454,454,436,408,397,656,610,1558,1398,29973,29975,12830,6629,12840,0,7112,327,307,0,1426]} 1. Nf3 Nf6 2. g3 g6 3. Bg2 Bg7 4. O-O d6 5. d3 O-O 6. e4 c6 7. h3 {A05: Réti Opening: 1 Nf3 Nf6.} e5 8. Be3 Be6 {[#]} 9. Ng5 $146 ({Predecessor:} 9. Qd2 Re8 10. Kh2 Qc7 11. Rh1 d5 12. Bh6 dxe4 13. Bxg7 Kxg7 14. dxe4 Nxe4 15. Qe3 {0-1 (27) Enzin,B-Akgul,B Konya 2008}) 9... Bd7 10. Qc1 Na6 11. f4 (11. Nd2 $11) 11... Nh5 $17 12. Kh2 exf4 13. gxf4 f5 14. Nd2 (14. Nc3 $17) 14... h6 $19 15. Ngf3 Nc7 16. Nc4 (16. e5 $17 {is a better defense.}) 16... Qe7 $2 (16... fxe4 $19 17. dxe4 Ne6) 17. e5 $11 d5 18. Nd6 Rab8 19. Bxa7 Ne6 20. Be3 (20. Bxb8 $15 Rxb8 21. Qe3) 20... g5 $17 21. fxg5 f4 (21... d4 $17 {And now ...Bxe5+! would win.} 22. Bf2 (22. gxh6 $2 Bxe5+ {[%mdl 64] Remove Defender} 23. Nxe5 Qxd6 $19) 22... Bxe5+ {[%mdl 64] Remove Defender} 23. Nxe5 Qxd6) 22. Ba7 Nxg5 $2 (22... Ra8 $15 {keeps the upper hand.} 23. Bf2 Nxg5) 23. Bxb8 $16 Rxb8 24. d4 Qe6 (24... Ne4 $16) 25. Nxg5 $18 hxg5 26. Qd1 (26. c4 $1 $18) 26... Ng3 $16 27. Rg1 $2 {[#]} (27. Re1 $16 {keeps the pressure on.}) 27... Bf8 ({Black should play} 27... Qh6 $1 $17) 28. Qg4 Qxg4 (28... Qe7 $5 {[%cal Rd7g4]} 29. Qf3 Qe6 $16) 29. hxg4 Bxg4 {With the idea ...Bxd6.} 30. Bh3 Bxh3 $1 31. Kxh3 {aiming for Rxg3.} Kg7 $2 {[%mdl 8192] [#]} ({Black should try} 31... Bxd6 $14 32. Rxg3 (32. exd6 Ne4 $11) 32... fxg3) 32. Kg4 $2 (32. Nf5+ $1 $18 {[%mdl 512]} Kg6 (32... Nxf5 33. Rxg5+) 33. Nxg3) 32... Ne2 $2 {[%mdl 8192]} (32... Bxd6 $16 33. Kxg5 (33. exd6 Kf6 $14) 33... Ne2) 33. Rge1 $2 (33. Nf5+ $18 {and White stays clearly on top.} Kg6 34. Rh1) 33... Nxd4 34. Nf5+ Nxf5 35. Kxf5 {[%mdl 4096] Endgame KRR-KRB} Be7 36. Kg4 Rf8 37. Rf1 Kg6 38. Rf3 $2 (38. a4 $16) 38... Rf5 $2 {[%mdl 8192]} (38... Rh8 $11 {and Black is okay.} 39. Rh3 Rxh3 40. Kxh3 Kf5) 39. Re1 $18 Bf8 40. c3 Be7 (40... Bg7 {was worth a try.} 41. e6 Rf8) 41. Rh1 $2 (41. Rh3 $18) 41... Rf8 $2 {[%mdl 8192]} (41... Rxe5 $11 {and Black has nothing to worry.} 42. Rfh3 Bf8) 42. Re1 $2 (42. Rfh3 $18 {Intending Rh7 and mate.} Kf7 43. Rh7+ Ke8 44. R1h3) 42... Rf5 $2 {[%mdl 8192]} (42... Rh8 $11 43. Rh3 Rxh3 44. Kxh3 Kf5) 43. b3 Rf8 44. a4 $2 ({Better is} 44. Rh1 $18) 44... Rh8 $11 {[%csl Ge7,Gg5][%cal Rh8h4]} 45. Rh3 Rf8 $2 {[%mdl 8192]} (45... Rxh3 $11 46. Kxh3 Kf5) 46. Reh1 $18 {White threatens Rh7 and mate.} f3 $2 (46... Kf7 47. Rh7+ Ke8) 47. Rxf3 Rxf3 48. Kxf3 {KR-KB} Kf5 49. Re1 $2 (49. Rh7) 49... g4+ (49... c5 $142 50. e6 g4+ 51. Kg2 d4) 50. Kg3 Bg5 $2 (50... c5 51. Rf1+ Kxe5 52. Kxg4 Bd8 53. Re1+ Kf6) 51. e6 {Threatens to win with e7.} Be7 52. b4 Kg5 53. Re2 Kf5 54. Re1 Kg5 $1 55. Re5+ Kf6 56. Re1 $2 (56. Rh5 $18 Kxe6 57. Rh7) 56... Kf5 $2 {[%mdl 8192]} (56... Kg5 $11 57. Rf1 d4 58. cxd4 Bxb4) 57. Re2 Kg5 (57... Bd6+ $142 58. Kg2 Be7) 58. Re5+ Kf6 59. Re1 Kf5 60. Rf1+ Kxe6 {If Black can now play ...Bf6 this consolidates a bit.} 61. Kxg4 {Cut Off at move 61} Bf6 62. Rf3 Be5 $2 (62... Bd8 63. Rh3 Be7) 63. Re3 Kd6 64. Kf5 Bh8 65. Rh3 Bg7 66. Rg3 Bh8 67. Rh3 Bg7 68. Kg6 $2 (68. a5 {Rh7 is the strong threat.} d4 69. cxd4 Bxd4 70. Rh7) 68... Be5 69. Kf5 $2 (69. Kg5) 69... Bg7 {[%mdl 32768] What a fight!  Weighted Error Value: White=1.31/Black=1.16. An unexpected result.} 1/2-1/2

[Event "EWCCC Online Preliminary-C 2020"]
[Site "Online"]
[Date "2020.12.19"]
[Round "4.1"]
[White "Kurapova, Olga"]
[Black "Drevensek, Doroteja"]
[Result "1/2-1/2"]
[WhiteElo "1927"]
[BlackElo "1385"]
[Annotator "TA"]
[PlyCount "107"]
[EventDate "2020.12.19"]
[EventType "team-tourn"]
[EventCountry "NET"]
[SourceTitle "playchess.com"]
[Source "ChessBase"]
[SourceQuality "1"]

{[%evp 9,107,71,58,51,90,91,96,98,98,95,106,97,233,167,672,158,181,184,185,139,172,150,146,124,169,83,109,102,115,106,125,143,258,256,250,252,237,132,150,-2,-9,-6,-2,-65,0,-11,-11,-12,-14,-39,-8,-8,3,-17,-4,-38,-30,-34,-36,-24,-32,-33,-8,-55,0,0,8,0,55,28,59,62,67,0,8,0,0,-74,-77,-70,-68,-72,-71,-60,-44,-93,-86,-100,-50,-48,-44,-50,-37,-99,-55,-146,-130,-143,-55,-90]} 1. e4 d6 2. d4 Nf6 3. Nc3 Nbd7 4. g4 g6 5. g5 Nh5 {[#]} 6. Be2 $146 {B07: Pirc Defence: Miscellaneous Systems.} ({Predecessor:} 6. Be3 Bg7 7. Be2 c5 8. Qd2 cxd4 9. Bxd4 e5 10. Be3 Nf4 11. O-O-O O-O 12. h4 {½-½ (54) Matta,V (2293)-Tokman,A (2296) Sant Aria de Besos 2017}) 6... e5 7. dxe5 Nxe5 8. Bxh5 {White is better.} gxh5 {[#]} 9. f4 $1 {[%cal Rf4e5]} Nc6 10. Qxh5 Qe7 (10... Nb4 $16) 11. Nge2 Bd7 $2 (11... Bg7) 12. Bd2 $2 (12. Nd5 $18) 12... O-O-O 13. O-O-O Bg7 14. Qf3 h6 15. h4 f5 16. Ng3 Nd4 17. Qe3 (17. Nd5 $18 Qxe4 18. Qxe4 fxe4 19. f5 (19. Nxe4 Bg4 $11) 19... hxg5 20. f6 (20. Bxg5 Be5 $16) 20... Bxf6 21. Nxf6 gxh4 22. Ngxe4) 17... hxg5 18. hxg5 fxe4 19. Qxe4 ({Much worse is} 19. Ngxe4 $6 Qf7 $11) 19... Qxe4 20. Ncxe4 ({Much less strong is} 20. Ngxe4 Bc6 $14) 20... Bc6 (20... Bg4 $16 {was worth a try.}) 21. Rxh8 $18 Rxh8 22. Bc3 Bxe4 23. Nxe4 ({White should try} 23. Bxd4 $18 Bxd4 24. Rxd4) 23... Ne2+ 24. Kb1 $2 ({White has to play} 24. Kd2 $16 Nxc3 25. Nxc3) 24... Bxc3 $11 25. Nxc3 Nxf4 {[%mdl 4096] Endgame KRN-KRN} 26. Rg1 (26. b3 $11) 26... Ng6 (26... Nh3 $1 $15 27. Rh1 Re8) 27. Ne4 Kd7 28. Kc1 Ke6 29. Kd2 Rf8 30. Ke3 Ke5 31. Nc3 a6 32. Ne4 Rh8 33. Nd2 Rh3+ 34. Nf3+ Kf5 35. Kf2 Rh8 36. Re1 Rf8 (36... Ne5 $15) 37. Kg3 Rg8 38. Rf1 Ke6 (38... Nf8 $11) 39. Kg4 Ne5+ 40. Nxe5 dxe5 $14 {KR-KR} 41. Kh5 (41. Rh1 $14) 41... e4 42. g6 e3 {aiming for ...e2.} 43. Kh6 (43. Kg5 $11 {remains equal.} Ke5 44. a3) 43... e2 $17 44. Re1 Kf6 {[%cal Rg8h8]} 45. g7 Rxg7 46. Rxe2 {Threatens to win with Rf2+.} Rg3 {[%cal Rg3h3]} (46... Rg1 {feels hotter.} 47. Kh5 Kf5 48. Rf2+ Ke5 49. Rf7 Kd6) 47. Rf2+ Ke6 48. Kh5 Kd6 49. Kh4 Rg7 50. Rd2+ Kc6 51. Kh5 (51. Rd3 $15) 51... b6 52. Kh6 {[#]} (52. a4 $15) 52... Rg1 $1 53. Kh5 Kb7 (53... a5 $17) 54. Kh4 {White really could win this.  Weighted Error Value: White=0.44/Black=0.40} 1/2-1/2

[Event "EWCCC Online Preliminary-C 2020"]
[Site "Online"]
[Date "2020.12.19"]
[Round "4.2"]
[White "Broly, Mathilde"]
[Black "Thorsteinsdottir, Hallgerdur"]
[Result "1/2-1/2"]
[WhiteElo "2150"]
[BlackElo "2009"]
[Annotator "TA"]
[PlyCount "95"]
[EventDate "2020.12.19"]
[EventType "team-tourn"]
[EventCountry "NET"]
[SourceTitle "playchess.com"]
[Source "ChessBase"]
[SourceQuality "1"]

{[%evp 13,95,12,17,-15,41,35,71,64,57,25,56,64,123,68,102,98,117,116,116,76,68,75,93,95,94,72,101,93,140,71,118,70,149,64,47,14,19,-25,-36,-89,-61,-82,-8,-27,0,0,0,-24,0,0,0,-5,0,0,69,0,0,0,0,0,0,0,0,-8,-8,-8,-8,-8,-8,-8,-8,-37,-36,-102,-104,-120,-118,-110,0,-70,0,-116,0,-58]} 1. c4 Nf6 2. g3 g6 3. Bg2 d5 4. cxd5 Nxd5 5. Nc3 Nb6 6. Nf3 Bg7 7. O-O O-O 8. a4 {[%cal Ba2a4,Ba4a5][%mdl 32] A16: English Opening: 1...Nf6 with ...d5.} Nc6 (8... a5 $11) 9. a5 $1 $14 {[%cal Ra5b6] [#]} Nd5 $146 ({Predecessor:} 9... Nc4 10. a6 Nd6 11. d4 Rb8 12. axb7 Bxb7 13. d5 Nb4 14. e4 Nc8 15. Qe2 c6 {1-0 (32) Abramov,L (2223)-Karavaeva,A (1816) Saratov 2011}) 10. Qb3 {White is better.} Nxc3 11. bxc3 Rb8 12. Ng5 {[#] Threatens to win with Bxc6.} Qd6 (12... Bd7 $14) 13. Ne4 (13. d4 $16) 13... Qe6 14. Qxe6 Bxe6 15. Nc5 {aiming for a6.} Nd8 16. Nxe6 Nxe6 17. Ba3 Bf6 18. Rab1 b6 19. axb6 axb6 20. d4 Rfd8 21. Rfd1 (21. Bc6 $142) 21... h5 22. h4 Kf8 (22... c5 $14) 23. f4 (23. Bc6 $16) 23... c5 {[%cal Rc5d4]} 24. d5 Nc7 25. c4 Bd4+ 26. Kf1 (26. Kh2 $15) 26... b5 $17 27. cxb5 Nxb5 (27... Rxb5 $17 28. Rxb5 Nxb5) 28. Bb2 $1 $11 Nc3 29. Bxc3 Bxc3 30. e3 Bb4 31. Ke2 Ra8 32. Ra1 Rxa1 33. Rxa1 {[%mdl 4096] Endgame KRB-KRB} e6 (33... c4 $11) 34. e4 ({White should try} 34. dxe6 $14 f5 35. Bc6) 34... exd5 35. exd5 c4 36. Ra4 Re8+ 37. Kf3 Rb8 38. Ke4 Be1 39. Rxc4 Bxg3 40. f5 Bxh4 41. fxg6 fxg6 42. Ke5 Re8+ 43. Kd6 (43. Kf4 $15) 43... Bg3+ $17 44. Kd7 Re7+ 45. Kd8 Re8+ 46. Kd7 Re7+ (46... Re2 $5 {[%cal Re2g2]} 47. Be4 Kf7 $17) 47. Kd8 $1 Re8+ ({Black should play} 47... Re2 $17 48. Bf3 Re3) 48. Kd7 {Weighted Error Value: White=0.19/Black=0.26} 1/2-1/2

[Event "EWCCC Online Preliminary-C 2020"]
[Site "Online"]
[Date "2020.12.19"]
[Round "4.2"]
[White "Ptacnikova, Lenka"]
[Black "Guichard, Pauline"]
[Result "0-1"]
[WhiteElo "2130"]
[BlackElo "2415"]
[Annotator "TA"]
[PlyCount "118"]
[EventDate "2020.12.19"]
[EventType "team-tourn"]
[EventCountry "NET"]
[SourceTitle "playchess.com"]
[Source "ChessBase"]
[SourceQuality "1"]

{[%evp 17,118,0,0,-8,-21,-7,6,7,25,22,35,34,44,0,56,0,0,0,0,0,0,0,0,0,0,0,0,0,0,0,-6,-99,-22,-207,-148,-148,-152,-147,-147,-147,-147,-147,-147,-162,-147,-285,-277,-266,-164,-164,-164,-285,-285,-500,-443,-859,-827,-1199,-1134,-3322,-3356,-2729,-2869,-2579,-2262,-1442,-2149,-29956,-29964,-12830,-12813,-29969,-29971,-29970,-29970,-29978,-29979,-29979,-29980,-29980,-29976,-29976,-29977,-29975,-29976,-29976,-29966,-29959,-29965,-29965,-29968,-29964,-29966,-29968,-29957,-29984,-29985,-29993,-29994,-29995,-29996,-29997,-29998]} 1. c4 Nf6 2. g3 e6 3. Nf3 d5 4. d4 Be7 5. Bg2 O-O 6. O-O dxc4 7. Ne5 Nc6 8. Nxc6 bxc6 9. Bxc6 Rb8 10. Na3 {E05: Open Catalan: 5 Nf3 Be7.} Bxa3 11. bxa3 Bb7 12. Bxb7 {The position is equal.} Rxb7 13. Bg5 h6 14. Bxf6 $1 Qxf6 {[#]} 15. e3 $146 ({Predecessor:} 15. Rc1 Rb2 16. Rxc4 Rxa2 17. Qd3 Qe7 18. Rfc1 Rxa3 19. Rxc7 Qxc7 20. Qxa3 Qd7 21. Qc5 {½-½ (51) Ricardo,K-Umetsubo,C (2294) Sao Bento do Sul 2013}) 15... Qf5 (15... c5 $11) 16. Qc1 (16. Rc1 $14) 16... Qd5 $11 17. Qc3 c5 18. Rfd1 Rfb8 19. Rac1 Rb2 20. Qxc4 Qf3 21. Rf1 cxd4 22. Qxd4 Rxa2 23. Qxa7 Rbb2 {[%cal Rb2f2]} 24. e4 (24. Rc8+ $1 $11 {remains equal.} Kh7 25. Qa8) 24... h5 $40 {[%mdl 128] Black mounts an attack.} (24... Rxa3 $17 25. Qd4 Re2) 25. Ra1 $2 {[#] This costs White the game.} (25. Qc5 $11 {and White has nothing to worry.}) 25... Rxf2 $1 {[%mdl 576] Deflection} 26. Qxf2 Qxf2+ ({Don't take} 26... Rxf2 27. Rxf2 Qc3 28. Rd1 $15) 27. Rxf2 Rxa1+ $19 {[%mdl 4096] Endgame KR-KR} 28. Kg2 Rxa3 29. Re2 {[#]} g5 $1 30. Kf2 Kg7 31. Rb2 (31. e5 $17) 31... Kf6 32. h3 Ra5 33. Kf3 Ke5 34. Rb7 (34. Rb3 $142) 34... Ra3+ 35. Kf2 $2 (35. Kg2) 35... f6 36. Rb4 (36. Kg2 $142 Kxe4 37. Rb4+ Ke3 38. Rb6 Ra2+ 39. Kg1) 36... h4 37. gxh4 gxh4 38. Rb5+ Kxe4 39. Rb4+ Kf5 40. Rxh4 e5 41. Kg2 e4 42. Rh8 Kf4 43. Rh4+ Ke5 44. Rh8 f5 {Black mates.} 45. h4 Ra2+ 46. Kg3 f4+ 47. Kg4 Rg2+ 48. Kh3 Rg1 49. Kh2 Rg4 50. Kh3 Rg3+ 51. Kh2 Rg7 52. h5 e3 53. h6 Re7 54. Kg2 Ke4 55. Rf8 {[#]} f3+ $1 {[%mdl 512]} 56. Kf1 (56. Rxf3 e2) 56... Ra7 {[%cal Ra7a1]} 57. Re8+ Kf4 {[%cal Ra7a1]} 58. Rf8+ Kg3 {[%cal Ra7a1]} 59. Rg8+ Kh3 {Accuracy: White = 48%, Black = 85%.} 0-1

[Event "EWCCC Online Preliminary-C 2020"]
[Site "Online"]
[Date "2020.12.19"]
[Round "4.2"]
[White "Nicoara, Malina"]
[Black "Gretarsdottir, Lilja"]
[Result "1/2-1/2"]
[WhiteElo "2066"]
[BlackElo "1984"]
[Annotator "TA"]
[PlyCount "108"]
[EventDate "2020.12.19"]
[EventType "team-tourn"]
[EventCountry "NET"]
[SourceTitle "playchess.com"]
[Source "ChessBase"]
[SourceQuality "1"]

{[%evp 18,108,29,31,105,23,21,21,66,33,66,57,64,0,43,-26,-26,-25,-23,-23,-25,-26,-23,-38,9,0,123,0,47,24,43,11,24,22,36,0,0,0,22,19,12,10,11,11,20,11,11,11,25,25,25,25,25,25,25,11,11,5,60,51,47,15,58,57,40,0,0,0,0,0,0,0,0,0,0,0,0,0,0,0,0,0,0,0,0,0,0,0,0,0,0,0,0]} 1. d4 d5 2. c4 c6 3. Nf3 Nf6 4. Nc3 dxc4 5. e3 Bf5 6. Bxc4 e6 7. O-O Bb4 8. a4 O-O 9. Qe2 Bg6 10. Ne5 Bh5 {D19: Slav Defence: 5 a4 Bf5 6 e3: Main line with 9 Qe2.} (10... Nbd7 $14) 11. f3 (11. g4 $16 Bg6 12. h4 (12. Nxg6 hxg6 13. f4 Nbd7 $11)) 11... Nbd7 $11 12. Nd3 {[#]} Ba5 $146 ({Predecessor:} 12... Be7 13. a5 b5 14. axb6 axb6 15. Rxa8 Qxa8 16. e4 b5 17. Bb3 c5 18. dxc5 Nxc5 19. Nxc5 Bxc5+ {½-½ (74) Ajrapetjan,Y (2490)-Andriasian,Z (2564) ICC INT 2009}) 13. Rd1 Rc8 14. b4 Bc7 $1 15. Ba3 (15. e4 $14) 15... Re8 (15... Nd5 $5 {[%cal Rd5c3]} 16. Bb2 Re8 $11) 16. Nf4 ({Better is} 16. Qf2 $14) 16... Bxf4 17. exf4 Nb6 18. Bb3 Nbd5 19. Nxd5 Nxd5 ({Much weaker is} 19... exd5 $6 20. Qd3 $14) 20. Bxd5 exd5 21. Qd2 {Black should prevent g4.} Qf6 {[#]} (21... Bg6 $11 {keeps the balance.}) 22. Re1 (22. g4 $1 $16) 22... h6 23. Re5 Rxe5 24. fxe5 Qh4 25. Rf1 Re8 26. g3 Qh3 27. Qg2 (27. Qe2 {looks sharper.} Bg6 28. Rc1 h5 29. Bb2 Qe6 30. Qe3) 27... Qxg2+ (27... Qe6 {keeps more tension.} 28. Qd2 Bg6 29. Kg2 f6 30. Bb2 h5) 28. Kxg2 {[%mdl 4096] Endgame KRB-KRB} Bg6 29. Rc1 a6 30. Kf2 Bd3 31. Ke3 Bc4 32. Bb2 Kh7 33. h4 g5 34. hxg5 hxg5 35. Rh1+ Kg6 36. f4 Bb3 37. a5 Re7 ({Black should try} 37... gxf4+ $11 38. Kxf4 Bc2) 38. Bc3 f6 39. g4 f5 40. gxf5+ Kxf5 41. Rh5 Rg7 {The position is equal.} 42. fxg5 (42. Bb2 {with more complications.} Ba4 43. fxg5 Rxg5 44. Rh4 Rg3+ 45. Kf2) 42... Rxg5 43. Rxg5+ Kxg5 {KB-KB} 44. Be1 Kf5 45. Bh4 Bc4 46. Be7 Bb5 47. Bc5 Ba4 48. Bb6 Bc2 49. Bc7 Bb1 50. Bd6 Bc2 51. Bc7 Be4 52. Bd6 Bc2 53. Bc5 Be4 54. Bd6 Bc2 {Accuracy: White = 79%, Black = 75%.} 1/2-1/2

[Event "EWCCC Online Preliminary-C 2020"]
[Site "Online"]
[Date "2020.12.19"]
[Round "4.2"]
[White "Johannsdottir, Johanna Bjorg"]
[Black "Moingt, Anne"]
[Result "1-0"]
[WhiteElo "1935"]
[BlackElo "2076"]
[Annotator "TA"]
[PlyCount "79"]
[EventDate "2020.12.19"]
[EventType "team-tourn"]
[EventCountry "NET"]
[SourceTitle "playchess.com"]
[Source "ChessBase"]
[SourceQuality "1"]

{[%evp 9,78,0,0,0,0,-4,-2,-11,0,-10,7,-22,-22,-22,-30,-28,-26,-37,0,-16,-8,-51,-46,-82,-82,-72,-71,-89,-66,-68,-75,-75,-75,-76,-18,-87,150,142,310,97,107,89,297,286,283,276,362,367,567,574,713,664,668,617,659,668,1327,962,886,465,864,465,641,641,634,634,1112,1100,29998,29999,29999]} 1. e4 c5 2. Nf3 d6 3. Bc4 Nc6 4. d3 e6 5. O-O Nf6 6. Nbd2 {[%cal Bb1d2,Bd2f1,Bf1g3,Bg3f5][%mdl 32] B50: Sicilian: 2...d6, Miscellaneous.} Be7 7. Re1 Qc7 8. Nf1 {The position is equal.} O-O 9. c3 {[#]} Na5 $146 ({Predecessor:} 9... a6 10. a4 b6 11. Bf4 Bb7 12. Bg3 h6 13. Ba2 Rfd8 14. Rc1 Nh5 15. Bh4 Bxh4 16. Nxh4 {1-0 (27) Dolejs,D (1863)-Picken,O Auckland 2014}) 10. Bb3 Nxb3 11. axb3 b6 12. Bf4 Bb7 13. Ng3 e5 14. Be3 d5 {[%cal Rd5e4]} 15. exd5 Nxd5 16. Nf5 Bf6 17. Bg5 Rfe8 18. Ra4 Qd7 19. Bxf6 Nxf6 20. Ng3 Qd5 21. Nf5 Bc6 (21... Qe6 $17 22. Ne3 Bxf3 23. gxf3 a5) 22. Rh4 (22. Qd2 $11 Bxa4 23. Qg5 $1 {[%mdl 512]}) 22... Rad8 $2 (22... Qe6 $17 {and life is bright.} 23. Nxe5 Qxf5 24. Nxc6 Rxe1+ 25. Qxe1 Qxd3) 23. Qd2 {White wants to mate with Qg5!} Bd7 $2 {[#]} (23... g6 $16 {was called for.}) 24. c4 $2 (24. Nxg7 $1 $18 {[%mdl 512] is the precise move to win.} Kxg7 25. Qg5+ Kf8 26. Qxf6) 24... Qe6 $16 25. Rxe5 $40 {[%mdl 128] White is out for blood.} Qc6 $2 (25... Qxe5 $16 26. Nxe5 Bxf5) 26. Ne7+ $18 Rxe7 27. Rxe7 Bf5 28. d4 ({Don't play} 28. Rxa7 Rxd3 29. Qe1 Qe8 $18) 28... Ne4 (28... Qd6 {was worth a try.}) 29. Qf4 Nd6 30. d5 Qc8 31. Ne5 Bg6 32. Nc6 Re8 33. Rh3 Nf5 34. Rxe8+ Qxe8 {[%cal Re8e1]} 35. Qe5 {[%cal Re5e8]} Kf8 36. g4 Qxe5 37. Nxe5 Nd4 38. Re3 {White threatens Nd7+ and mate.} Bc2 39. Nd7+ Kg8 40. Re8# {Weighted Error Value: White=0.26/Black=0.59} 1-0

[Event "EWCCC Online Preliminary-C 2020"]
[Site "Online"]
[Date "2020.12.19"]
[Round "4.3"]
[White "Pogonina, Natalija"]
[Black "Houska, Jovanka"]
[Result "1/2-1/2"]
[WhiteElo "2475"]
[BlackElo "2381"]
[Annotator "TA"]
[PlyCount "69"]
[EventDate "2020.12.19"]
[EventType "team-tourn"]
[EventCountry "NET"]
[SourceTitle "playchess.com"]
[Source "ChessBase"]
[SourceQuality "1"]

{[%evp 10,69,19,10,24,-5,0,0,6,8,6,0,31,30,13,18,25,8,24,16,30,10,17,14,46,0,62,68,73,70,60,68,78,29,37,35,34,9,11,14,18,0,72,79,106,35,41,40,113,12,56,0,40,25,35,0,0,0,52,0,16,0]} 1. d4 d5 2. Nf3 Nf6 3. c4 e6 4. e3 Be7 5. Nc3 b6 6. cxd5 exd5 {D37: Queen's Gambit Declined: 5 Bf4.} 7. Be2 O-O 8. O-O c5 9. Ne5 Bb7 10. b3 Nc6 11. Nxc6 Bxc6 12. Bb2 Qd7 {[#]} 13. Bf3 $146 ({Predecessor:} 13. Rc1 Rfd8 14. Qc2 cxd4 15. exd4 Rac8 16. Ba6 Bb7 17. Bb5 Qg4 18. Qd3 Bd6 19. Qd1 Bxh2+ 20. Kxh2 {0-1 (28) Unciti Juan,J (2159)-Chueca Forcen,A (2280) Almansa 2010}) 13... Rfd8 14. Rc1 h6 15. Ne2 {[%cal Bc3e2,Be2f4,Bf4d3,Bd3e5][%mdl 32]} Ne4 16. Nf4 Rac8 17. Nd3 Bb7 (17... Qe8 $11) 18. Bg4 $14 f5 19. Ne5 Qe6 20. Bh5 Nd6 21. Re1 Bf6 22. Ng6 c4 23. Nf4 Qd7 24. Bg6 Bg5 25. Nh3 Qe6 {[#]} (25... Ne4 $11) 26. Qh5 $1 $16 Be7 27. Ba3 (27. bxc4 $16 {Threatens to win with c5.} Rxc4 28. Ba3) 27... Rf8 $14 28. Nf4 Qf6 {[#]} (28... Qd7 $1 $14) 29. h4 (29. Qf3 $1 $16) 29... b5 30. g3 (30. Bc5 $14) 30... a5 {aiming for ...b4.} 31. Bc5 Rc7 32. Bb6 Rcc8 33. Bc5 (33. Bxa5 $11 Ne4 34. Kg2) 33... Rc7 34. Bb6 Rcc8 35. Bc5 {Weighted Error Value: White=0.21/Black=0.18} 1/2-1/2

[Event "EWCCC Online Preliminary-C 2020"]
[Site "Online"]
[Date "2020.12.19"]
[Round "4.3"]
[White "Badelka, Olga"]
[Black "Kalaiyalahan, Akshaya"]
[Result "1-0"]
[WhiteElo "2427"]
[BlackElo "2149"]
[Annotator "TA"]
[PlyCount "67"]
[EventDate "2020.12.19"]
[EventType "team-tourn"]
[EventCountry "NET"]
[SourceTitle "playchess.com"]
[Source "ChessBase"]
[SourceQuality "1"]

{[%evp 16,66,34,37,45,35,40,45,45,45,45,45,72,24,116,106,145,139,121,128,125,80,89,84,88,91,85,89,220,217,352,341,476,474,470,458,438,421,600,592,701,688,979,1006,1016,1022,980,960,1250,905,29998,29999,29999]} 1. d4 Nf6 2. c4 g6 3. Nc3 Bg7 4. Nf3 O-O 5. g3 d6 6. Bg2 Nc6 7. O-O a6 8. b3 $1 {[%mdl 4] is now more promising than 8.h3.} Rb8 9. d5 Na5 {E63: King's Indian: Fianchetto: Panno Variation with 7...a6.} 10. Bg5 h6 11. Bd2 c5 {White is slightly better.} 12. dxc6 Nxc6 13. Rc1 Bd7 14. Ne1 {[#]} Na5 $146 {[#]} (14... Nb4 $11 {remains equal.}) ({Predecessor:} 14... Ne5 15. Nd5 Kh7 16. Nc2 Nxd5 17. cxd5 Rc8 18. h3 Bf5 19. g4 Bxc2 20. Rxc2 f5 21. Rxc8 Qxc8 {0-1 (38) Mendez,E (2299)-Cuberli,E (2147) Buenos Aires 2020}) 15. Nd5 $1 $16 Nxd5 16. cxd5 {aiming for b4.} b5 17. Nd3 Nb7 18. b4 Rc8 19. Qb3 Rxc1 20. Rxc1 a5 21. a3 a4 {This costs Black the game.} (21... axb4 $16 22. axb4 (22. Qxb4 Qb6 $16) (22. Bxb4 Na5 $11) 22... Qa8) 22. Qc2 $18 Qc8 (22... Qa8 {keeps fighting.} 23. Qc7 Bg4) 23. Qc7 Re8 24. Qb6 Qb8 {and the idea ...Rc8 leaves Black hopeful.} 25. Rc7 {[%mdl 64] Double Attack} Bc8 26. h4 Kf8 (26... h5 $142 27. Bg5 Rd8 28. Rxe7 Bd7) 27. Kh2 h5 28. Bh3 f5 29. Nf4 Kf7 30. Ne6 Bf6 31. Qxb5 Qa8 32. Bg5 Bb2 {[#]} 33. Qxe8+ $1 {[%mdl 576] Remove Defender} Kxe8 34. Rxe7# {Weighted Error Value: White=0.06/Black=0.77} 1-0